MARC

LEADER 00000nam0a2200000 4500
001 277505
005 20231101235025.0
035 |a (RuTPU)RU\TPU\book\300779 
090 |a 277505 
100 |a 20141203d1985 k y0rusy50 ca 
101 0 |a rus 
102 |a RU 
105 |a a z 001zy 
200 1 |a Автоматизация аэродинамического эксперимента  |e сборник научных трудов  |f Академия наук СССР (АН СССР), Сибирское отделение (СО), Институт теоретической и прикладной механики (ИТПМ), (Новосибирск) ; под ред. Н. Н. Яненко ; Ю. И. Вышенковой 
210 |a Новосибирск  |c Изд-во ИТПМ  |d 1985 
215 |a 175 с.  |c ил. 
320 |a Библиография в конце статей 
606 1 |a Аэродинамический эксперимент  |x Автоматизация  |2 stltpush  |3 (RuTPU)RU\TPU\subj\29890  |9 53121 
610 1 |a аэродинамическая труба 
610 1 |a экспериментальные исследования 
610 1 |a программное обеспечение 
610 1 |a информационное обеспечение 
610 1 |a плазма 
610 1 |a зондовые измерения 
610 1 |a электронные пучки 
610 1 |a алгоритмы 
610 1 |a конфлюентный анализ 
675 |a 533.6.07  |v 4 
702 1 |a Яненко  |b Н. Н.  |4 340 
702 1 |a Вышенкова  |b Ю. И.  |4 340 
712 0 2 |a Академия наук СССР (АН СССР)  |b Сибирское отделение (СО)  |b Институт теоретической и прикладной механики (ИТПМ)  |b (Новосибирск)  |2 stltpush  |3 (RuTPU)RU\TPU\col\11503 
801 1 |a RU  |b 63413507  |c 20141203 
801 2 |a RU  |b 63413507  |c 20171221  |g RCR 
942 |c BK